| 000 | 01821nam a22001457a 4500 | ||
|---|---|---|---|
| 999 |
_c529667 _d529667 |
||
| 008 | 250505b ||||| |||| 00| 0 eng d | ||
| 100 |
_aWetering, Simone Van De _952582 |
||
| 245 | _aFacilitating citizen participation in marginalised neighbourhoods: Selective empowerment in between vulnerability and active citizenship | ||
| 260 | _aLocal Government Studies | ||
| 300 | _a50(3), Jun, 2024: p.498-520 | ||
| 520 | _aResidents of marginalised neighbourhoods have long been governed as a vulnerable group in need of help. Increasingly, however, they are expected to be active citizens and (co-)creators in improving their neighbourhood. While much is written about the shift towards more participatory governance, less is known about how this shift manifests in the work practice of urban professionals, particularly in marginalised neighbourhoods and in terms of citizen (dis)empowerment. This paper explores how urban professionals give shape to citizen participation in a marginalised Dutch neighbourhood. I found that they navigated between narratives of ‘vulnerability’ and ‘active citizenship’ and employed ‘selective empowerment’: a differentiated approach in which they ascribed a significant supportive role to themselves and facilitated participation within a normative framework. The research offers a more nuanced image of ‘empowerment’ than previous studies suggest, demonstrating that a discursive shift in governance approach is not automatically synchronised with urban professionals’ work practice.- Reproduced https://www.tandfonline.com/doi/full/10.1080/03003930.2023.2218801 | ||
| 650 |
_aUrban marginality, Participatory governance, Urban professionals, Vulnerability, Active citizenship, Selective empowerment. _952583 |
||
| 773 | _aLocal Government Studies | ||
| 942 | _cAR | ||